000 01111cam a22003497a 4500
003 CHAP
005 20250207172237.0
008 971013s1990 r 00010 d
010 _a7406
011 _a8378
035 _a7604
040 _cCHAP
082 _a080
_bR4 v.19
100 0 0 _aQuintero Ramírez, Cirila.
245 1 3 _aLa sindicalización en las maquiladores tijuanenses, 1970-1988
260 _aMéxico, D.F. :
_bConsejo Nacional para la Cultura y las Artes,
_c1990
300 _a246 p.
490 0 _aRegiones
500 _a63-123
590 _aBATCH-UPD
_b10
_c20130110
_lUCH01
_h0112
590 _aBATCH-UPD
_b10
_c20130110
_lUCH01
_h1005
590 _aBATCH-UPD
_b10
_c20130410
_lUCH01
_h0614
590 _aBATCH-UPD
_b10
_c20130914
_lUCH01
_h1959
590 _aCONVERSION
_b10
_c20130109
_lUCH01
_h1305
650 1 4 _aRelaciones industriales.
_995817
650 1 4 _aSindicatos.
_9106563
650 1 4 _aSociología industrial.
_9108213
830 0 _aRegiones (CONACULTA)
_995667
901 _aBK
942 _cLIBRO
949 _a080 R4 v.19
_bBC
_cLIBRO
_d33724000306593
_eLIBRO
_h82832
_i7604
_si
_t17.00
999 _c7406
_d7406